000 02071cam a22003734a 4500
999 _c46901
_d46901
003 BJBSDDR
005 20230410115730.0
007 ta
008 090601s2009 njua b 001 0 eng
020 _a0137016638
020 _a9780137016631
040 _aDLC
_cDLC
_bspa
041 _aeng
043 _an-us---
050 1 4 _aHG 2040.5
_bZ27fi 2009
082 0 0 _a332.7/220973
100 1 _aZandi, Mark M.,
_d1959-
245 1 0 _aFinancial shock :
_bglobal panic and government bailouts : how we got here and what must be done to fix it /
_cMark Zandi.
250 _aUpdated ed.
260 _aUpper Saddle River, NJ :
_bPearson Education,
_cc2009.
300 _a293 p. :
_bill. ;
_c23 cm.
504 _aIncludes bibliographical references and index.
505 0 _aSubprime précis -- Sizing up subprime -- Everyone should own a home -- Chairman Greenspan counts on housing -- Global money men want a piece -- Bad lenders drive out the good -- Financial engineers and their creations -- Home builders run aground -- As the regulatory cycle turns -- Boom, bubble, bust, and crash -- Credit crunch -- Timid policymakers turn bold -- Economic fallout -- Back to the future.
520 _aExamines the underlying causes of the current mortgage crisis, from irresponsible lenders and predatory speculators to home "flippers" and less-than-truthful borrowers, and provides advice for reforms and regulations which could prevent a recurrence in the future
650 0 _aSubprime mortgage loans
_zUnited States.
650 0 _aHousing
_zUnited States
_xFinance.
650 0 _aBailouts (Government policy)
650 4 _aPréstamos hipotecarios subprime
_911444
_zEstados Unidos
650 4 _aFinanciación de vivienda
_924822
_zEstados Unidos
650 4 _aVivienda
_92943
_xFinanciación
_zEstados Unidos
906 _a7
_bcbc
_corignew
_d2
_encip
_f20
_gy-gencatlg
942 _2lcc
_cBK